Sudden Death- World Cup Winners - Statistics

General Stats
  • This quiz has been taken 103 times
  • The average score is 7 of 8
Answers on the Grid
Answers color-coded by a green-red scale on the quiz's grid according to % correct below.
Argentina
Australia
Belgium
Brazil
Canada
Colombia
Croatia
Denmark
England
France
Germany
India
Italy
Japan
Mexico
Netherlands
Poland
Portugal
Russia
South Africa
South Korea
Spain
Uruguay
USA
 
Answer Stats
Answer % Correct
Argentina
100%
Brazil
92%
England
87%
France
87%
Germany
87%
Italy
87%
Spain
80%
Uruguay
78%
No matching quizzes found
Score Distribution
Percent of People with Each Score
Percentile by Number Answered
Your Score History
You have not taken this quiz